La escuela neutra a la luz de la verdad.

Bewaard in:
Bibliografische gegevens
Hoofdauteur: Kriege, Wilhem (autor)
Andere auteurs: Miral, Domingo, tr (autor) tr, (autor)
Formaat: Boek
Taal:Spaans
Reeks:(Ciencia y acción estudios sociales segunda serie (popular))
Onderwerpen:
Tags: Voeg label toe
Geen labels, Wees de eerste die dit record labelt!

MARC

LEADER 00000cam^a2200000uu^4500
001 000474799
005 20250521000000.0
008 050901s1910^^^^^^^^^^^^rd^r^^000^0^spa^d
009 20260310124746.771
035 |a FCE 000017662 
035 |a FCE 018940 
037 |a Acervo ITESO - Biblioteca 
041 |a spa 
082 0 4 |a 372.1  |b K265e 
100 |a Kriege, Wilhem  |e (autor) 
245 1 3 |a La escuela neutra a la luz de la verdad. 
264 |a Madrid :  |b Saturnino Callega Fernández,  |c 1910. 
300 |a 295 p. 
336 |a texto  |b txt  |2 rdacontenido 
337 |a sin mediación  |b n  |2 rdamedio 
338 |a volumen  |b nc  |2 rdasoporte 
440 0 |a (Ciencia y acción estudios sociales segunda serie (popular)) 
649 |a XX 
650 |a Economía de la educación 
650 |a Educación básica 
650 |a Relación iglesia-estado 
650 |a Problemas educativos 
650 |a Educación laica 
650 |a Europa 
700 |a Miral, Domingo,  |e tr  |e (autor) 
910 |a Fondo Centro de Estudios Educativos 
920 |a Impresos - Libros 
930 |a Fondos Especiales 
905 |a 133 
901 |a ALE018940  |b IT2  |c CEE  |u 20250521 
902 |a https://opac.biblio.iteso.mx/vufind/Record/000474799